00792nam a2200205 a 450000100100000000500170001000800410002704000250006808200170009310000240011024501100013426000440024430000140028850000430030253400520034570000420039704900090043995201210044899900170056900002312220200930022013.0101126nuuuuuuuusp ad r 000 0 spa d aDO-SdBNPbspacBNPHU axxxxxbA664m1 aArbellot, L.94760410aManual práctico de recubrimientos electrónicos /cl. Arbellot ; traducción Federico H. de Góncer. aBarcelona :bHispano Europea,c[s. f.]. a147 p. ;. aIncluye notas al pie de las páginas. aManuel pratique des dépots électrolytiques.1 aGóncer, Federico H. de,etr.947605 aBNGR 001054708MOaGRbGRcCTd2010-11-26iLF1l0oxxxxx A664mp23122-10r2020-06-25w2020-06-25y4ZPréstamo en sala c22619d22619